01218cam a2200265 a 450000100100000000500170001000800410002702000150006804000320008308200180011524500600013325000110019326001570020430000350036150400300039665000490042665000310047565000460050671000330055271000750058591000370066095201160069795201220081399900170093500001462320200929163857.0900226s1997 sp ab b 001 0 spa d a8477902763 aDO-SdBNPbspacBNPHUdBNPHU a307.76bC581h03aLa ciudad hispanoaméricana :bel sueño de un orden. a2a ed. aMadrid :bMinisterio de Fomento ;bCentro de Estudios Históricos de Obras Públicas y Urbanismo ;bMinisterio de Obras Públicas y Urbanismo,c1997. a303 p. :bil., mapas ;c30 cm. aBibliografías: 294-303. 4aUrbanismozAmérica LatinaxHistoria933122 4aBloques (urbanismo)933123 4aObras públicaszAmérica Latina9331241 aMinisterio de Fomento9331251 aCentro de Estudios Históricos de Obras Públicas y Urbanismo933126 aValidado. Control de calidad MFF 001050718MOaGRbGRcHDd2010-01-15iLF1l0o307.76 C581hp14623-10r2020-06-25w2020-06-25y1ZNo se presta 001150718MOaGRbGRcMId2017-06-02iLF1l0o307.76 C581hp14623-20r2020-06-25te. 2w2020-06-25y1ZNo se presta c14207d14207